Une liaison pornographique Μια πορνογραφική σχέση

Εκείνη θέλει να κάνει πραγματικότητα μια σεξουαλική της φαντασίωση. Βάζει, λοιπόν, αγγελία σε μία εφημερίδα. Εκείνος απαντά στην αγγελία. Δίνουν ραντεβού σε ένα καφέ. Είναι αμήχανοι, αλλά ξέρουν τι θέλουν. Μια ανώνυμη, καθαρά σεξουαλική σχέση, δίχως άλλες δεσμεύσεις. Συνεχίζουν να βλέπονται με τον...

Πλήρης περιγραφή

Αποθηκεύτηκε σε:
Λεπτομέρειες βιβλιογραφικής εγγραφής
Άλλοι συγγραφείς: Fonteyne, Frédéric, 1968- (Διευθυντής), Baye, Nathalie, 1948- (Ηθοποιός), Lopez, Sergi, 1965- (Ηθοποιός)
Μορφή: Διαφάνειες
Γλώσσα:French
Greek
Δημοσίευση: Αθήνα : Prooptiki [Εταιρεία διανομής], [1999]
Θέματα:
Ετικέτες: Προσθήκη ετικέτας
Δεν υπάρχουν, Καταχωρήστε ετικέτα πρώτοι!

MARC

LEADER 00000cgm a2200000 i 4500
001 1/138
008 090617s1999 gr ||| | || ||fre||
035 |l 10105130 
040 |a GR-MyUa  |b gre  |e AACR2 
041 0 |a fre  |j gre 
082 7 |a 791.437   |2 (22) 
245 0 4 |a Une liaison pornographique   |h [μαγνητοσκόπηση] =   |b Μια πορνογραφική σχέση /   |c un film de Frédéric Fonteyne. 
246 1 |i Παράλληλος τίτλος:   |a Μια πορνογραφική σχέση  
260 |a Αθήνα :   |b Prooptiki [Εταιρεία διανομής],   |c [1999] 
300 |a 1 βιντεοδίσκος (78 λεπτ.) :   |b ομίλ., έγχρ. ;   |c 4 3/4 ίν. 
500 |a Κυκλοφόρησε πρώτη φορά ως κινηματογραφική ταινία το 1999. 
508 |a Σενάριο, Philippe Blasband ; μοντάζ, Chantal Hymans ; μουσική, Jeannot Sanavia, Andre Dziezuk & Marc Mergen ; διεύθυνση παραγωγής, Olivier Rausin. 
511 0 |a Nathalie Baye, Sergi Lopez. 
520 8 |a Εκείνη θέλει να κάνει πραγματικότητα μια σεξουαλική της φαντασίωση. Βάζει, λοιπόν, αγγελία σε μία εφημερίδα. Εκείνος απαντά στην αγγελία. Δίνουν ραντεβού σε ένα καφέ. Είναι αμήχανοι, αλλά ξέρουν τι θέλουν. Μια ανώνυμη, καθαρά σεξουαλική σχέση, δίχως άλλες δεσμεύσεις. Συνεχίζουν να βλέπονται με τον ίδιο τρόπο. Πάντοτε στο ίδιο καφέ κι ύστερα σε ένα δωμάτιο του ίδιου φτηνού ξενοδοχείου. Μια μέρα, εκείνη του ζητά να κάνουν κάτι διαφορετικό: να κάνουν έρωτα! Κανονικά. Απλά. Για πρώτη φορά! Κι αυτή η επαφή θα αλλάξει ολοκληρωτικά την ιστορία τους. Ή τη σχέση τους. 
546 |a Στα γαλλικά με υπότιτλους στα ελληνικά. 
586 8 |a Βραβείο καλύτερης γυναικείας ερμηνείας, Φεστιβάλ Βενετίας 
650 0 |a Sex  |v Drama. 
655 7 |a Feature films  |2 lcgft 
700 1 |a Fonteyne, Frédéric,   |d 1968-  |e drt 
700 1 |a Baye, Nathalie,   |d 1948-  |e act 
700 1 |a Lopez, Sergi,   |d 1965-  |e act 
852 |a INST  |b SYROS  |c AV  |e 20090617  |h 791.437 FON  |p 005500008327  |q 005500008327  |t DVD  |y 23 
901 |a BIBL5-2008-1 
922 |a 5ΕΛΗ  |b 200709  |c Βιβλιοθήκη Σύρου  |d Anaco 
970 |a Κοντού  |b Παρασκευή  |z 17/06/2009